000 00448nam a22001817a 4500
003 MPLRDC
005 20220104175407.0
008 210129b ||||| |||| 00| 0 eng d
020 _a0-19-580858-4
082 _a524.964 EING 1988
100 _aTAN DING EING
245 _aSEJARAH MALAYSIA DAN SINGAPURA
_c
250 _a第十六版
260 _a
_bPENERBIT FAJAR BAKTI
_c1988
300 _b
650 _a
942 _cBK
_o524.964 EING 1988
999 _c60353
_d60343